Nụ cười Hirôsima Trường ca

Spremljeno u:
Bibliografski detalji
Glavni autor: Jêbêlêanu, Ơgian
Daljnji autori: Nguyễn Viết Lâm
Format: Knjiga
Izdano: H. Văn học 1982
Serija:Văn học hiện đại nước ngoài. Văn học Ruman
Teme:
Oznake: Dodaj oznaku
Bez oznaka, Budi prvi tko označuje ovaj zapis!
Thư viện lưu trữ: Trung tâm Học liệu Lê Vũ Hùng, Trường Đại học Đồng Tháp
LEADER 00907pam a22002538a 4500
001 00022417
005 20171026081023.0
008 110530s1982 ||||||Viesd
041 0 # |a Vie 
082 1 4 |a 859  |b N500C 
100 0 # |a Jêbêlêanu, Ơgian 
245 0 0 |a Nụ cười Hirôsima  |b Trường ca  |c Ơgian Jêbêlêanu; Nguyễn Viết Lâm 
260 # # |a H.  |b Văn học  |c 1982 
300 # # |a 91 tr.  |c 19 cm. 
490 # # |a Văn học hiện đại nước ngoài. Văn học Ruman 
653 # # |a Rumani 
653 # # |a Văn học hiện đại 
653 # # |a Trường ca 
700 0 # |a Nguyễn Viết Lâm 
852 # # |b Kho mượn  |j KM.0011600, KM.0011181 
852 # # |j KM.0011600  |j KD.0009995  |j KM.0011181 
852 # # |b Kho đọc  |j KD.0009995 
910 0 # |a Đức  |d 30/05/2011 
980 # # |a Trung tâm Học liệu Lê Vũ Hùng, Trường Đại học Đồng Tháp